|
|
|
|
| LEADER |
00000cas a2200000 a 4500 |
| 001 |
vtls010302509 |
| 003 |
SK-MaSNL |
| 005 |
20260228162855.0 |
| 008 |
110810d19531960xo wr|p 0 b0slo |
| 040 |
|
|
|a SNK
|b slo
|c SNK
|e AACR2
|
| 041 |
0 |
|
|a slo
|
| 043 |
|
|
|a e-xo---
|
| 044 |
|
|
|a xo
|c SK
|
| 072 |
|
|
|a 63
|x Poľnohospodárstvo a príbuzné oblasti vedy a techniky
|2 konspekt
|
| 080 |
|
|
|a 63
|2 2001
|
| 080 |
|
|
|a 050
|2 2001
|
| 245 |
0 |
0 |
|a Vihorlát
|b roľnícke noviny okresu Sobrance
|
| 260 |
|
|
|a Sobrance
|b ONV
|c 1953-1960
|
| 260 |
3 |
|
|3 31/1959-10/1960
|a Sobrance
|b OV KSS
|b Rada ONV
|
| 300 |
|
|
|a 8 roč.
|b obr.
|c 30-42 cm
|
| 310 |
|
|
|a 1x týždenne
|
| 362 |
0 |
|
|a Roč. III, č. 1 (1953)-roč. X, č. 9-10 (6.3.1960)
|z údaj prebratý z Bg. novín a časopisov vychádzajúcich na Slovensku v r. 1945-60
|
| 500 |
|
|
|a Zmena podnázvu od č. 31/(12. sept 1959): noviny okresu Sobrance
|
| 500 |
|
|
|a V tiráži podnázov: noviny pre roľníkov Sobraneckého okresu, od č. 33/(19. sept 1959): noviny pre občanov Sobraneckého okresu
|
| 500 |
|
|
|a Redaktori sa menia
|
| 500 |
|
|
|a Od. roč. 5/1955 zmena veľkosti formátu na 42 cm
|
| 515 |
|
|
|a Niektoré čísla vychádzajú ako dvojčíslo
|
| 580 |
|
|
|a Nadviazal na II. ročník časopisu Za novú dedinu
|
| 650 |
0 |
7 |
|a poľnohospodárstvo
|2 SNKPH
|9 679
|
| 651 |
|
7 |
|a Sobrance (Slovensko)
|2 SNKPH
|9 23785
|
| 651 |
|
7 |
|a Vihorlat (Vihorlatské vrchy, Slovensko : vrch)
|2 SNKPH
|9 30824
|
| 655 |
|
7 |
|a regionálne periodiká
|2 SNKPH
|9 131775
|
| 770 |
0 |
|
|t Vihorlat mladých
|w vtls010302510
|
| 780 |
0 |
0 |
|t Za novú dedinu
|
| 910 |
|
|
|a snk
|
| 916 |
|
|
|a 1953-1960
|
| 958 |
|
|
|a OND
|
| 999 |
|
|
|c 8482
|d 10412
|
| 952 |
|
|
|0 0
|1 0
|4 0
|7 0
|a SNK
|b SNK
|d 2015-04-24
|f 1
|i snkF 1880/89
|l 0
|o snkČSB 1433/3/1953
|p 17A0706890
|r 2026-02-21 21:26:36
|t č. 1-17, neúplné
|w 2026-02-21
|y PREZ
|z chýba č. 1-5, 14
|
| 952 |
|
|
|0 0
|1 0
|4 0
|7 0
|a SNK
|b SNK
|d 2015-04-24
|f 1
|i snkII. 2205/55
|l 0
|o snkČSB 1433/4/1954
|p 17A0706891
|r 2026-02-21 21:26:36
|t č. 1-53, neúplné
|w 2026-02-21
|y PREZ
|z chýba č. 34
|
| 952 |
|
|
|0 0
|1 0
|4 0
|7 0
|a SNK
|b SNK
|d 2015-04-24
|f 1
|i snkČSP 223/56
|l 0
|o snkČSB 1433/5/1955
|p 17A0706899
|r 2026-02-21 21:26:36
|t č. 1-52
|w 2026-02-21
|y PREZ
|
| 952 |
|
|
|0 0
|1 0
|4 0
|7 0
|a SNK
|b SNK
|d 2015-04-24
|f 1
|i snkČSP 1077/59
|l 0
|o snkČSB 1433/6/1956
|p 17A0706900
|r 2026-02-21 21:26:36
|t č. 1-48, neúplné
|w 2026-02-21
|y PREZ
|z chýba č. 41
|
| 952 |
|
|
|0 0
|1 0
|4 0
|7 0
|a SNK
|b SNK
|d 2015-04-24
|f 1
|i snkČSP 798/58
|l 0
|o snkČSB 1433/7/1957
|p 17A0706901
|r 2026-02-21 21:26:36
|t č. 1-33
|w 2026-02-21
|y PREZ
|
| 952 |
|
|
|0 0
|1 0
|4 0
|7 0
|a SNK
|b SNK
|d 2015-04-24
|f 1
|i snkČSP 819/59
|l 0
|o snkČSB 1433/8/1958
|p 17A0706902
|r 2026-02-21 21:26:36
|t č. 1-45
|w 2026-02-21
|y PREZ
|
| 952 |
|
|
|0 0
|1 0
|4 0
|7 0
|a SNK
|b SNK
|d 2015-04-24
|f 1
|i snkČSP 890/60
|l 0
|o snkČSB 1433/9/1959
|p 17A0706903
|r 2026-02-21 21:26:36
|t č. 1-46
|w 2026-02-21
|y PREZ
|
| 952 |
|
|
|0 0
|1 0
|4 0
|7 0
|a SNK
|b SNK
|d 2015-04-24
|f 1
|i snkČSP 1786/61
|l 0
|o snkČSB 1433/10/1960
|p 17A0706905
|r 2026-02-21 21:26:37
|t č. 1-10
|w 2026-02-21
|y PREZ
|